000 01831nam a2200361 a 4500
001 ebr10506338
003 CaPaEBR
006 m u
007 cr cn|||||||||
008 111202s2011 ne abd sb 101 0 eng d
010 _z 2011926364
020 _z9781607507239
020 _z9781607507246 (e-book)
040 _aCaPaEBR
_cCaPaEBR
035 _a(OCoLC)756484750
050 1 4 _aHQ280
_b.H86 2007eb
111 2 _aNATO Advanced Research Workshop
_d(2007 :
_cSofia, Bulgaria)
245 1 0 _aHuman trafficking, smuggling and illegal immigration
_h[electronic resource] :
_binternational management by criminal organizations /
_cedited by Myrianne Coen.
260 _aAmsterdam :
_bIOS Press,
_c2011.
300 _axiv, 175 p. :
_bill. (some col.), maps (some col.).
490 1 _aNATO science for peace and security series. E, Human and societal dynamics,
_x1874-6276 ;
_vv. 79
500 _aProceedings of the NATO Advanced Research Workshop on: The role of transnational criminal organisations in the management of illegal immigration, human smuggling and trafficking in Europe, Sofia, Bulgaria, 13-16 November 2007.
504 _aIncludes bibliographical references and indexes.
533 _aElectronic reproduction.
_bPalo Alto, Calif. :
_cebrary,
_d2013.
_nAvailable via World Wide Web.
_nAccess may be limited to ebrary affiliated libraries.
650 0 _aHuman trafficking
_vCongresses.
650 0 _aSmuggling
_vCongresses.
650 0 _aIllegal aliens
_vCongresses.
655 7 _aElectronic books.
_2local
700 1 _aCoen, Myrianne.
710 2 _aebrary, Inc.
830 0 _aNATO science for peace and security series.
_nE,
_pHuman and societal dynamics ;
_vv. 79.
856 4 0 _uhttp://site.ebrary.com/lib/rucke/Doc?id=10506338
_zAn electronic book accessible through the World Wide Web; click to view
999 _c117165
_d117165